| 000 | 01312nam a2200241Ia 4500 | ||
|---|---|---|---|
| 003 | Ost | ||
| 005 | 20260507074905.0 | ||
| 008 | 260507s9999||||xx |||||||||||||| ||und|| | ||
| 040 | _cfsecg | ||
| 041 | _aara | ||
| 082 | _a301.155 | ||
| 100 |
_aيونس، طارق شريف _eمؤلف |
||
| 245 | 0 |
_aالفكر الإستراتيجي للقادة : _bدروس مستوحاة من التجارب العالمية والعربية / _c طارق شريف يونس |
|
| 260 |
_aالقاهرة: _bمنشورات المنظمة العربية للتنمية الإدارية, _c2006 |
||
| 300 |
_a268 صفحة؛ _bإيضاحات ؛ _c24 سم |
||
| 490 |
_aسلسلة بحوث ودراسات _v362 |
||
| 504 | _aببليوغرافيا: ص.257 | ||
| 520 | _aيضم فلسفة القيادة، القيادة والسلوك الإستراتيجي، التفكير الإستراتيجي، الفلسفة والأنماط والمعالم، نماذج إعداد القيادة الإستراتيجية في التجارب العالمية والعربية، ملامح معاصرة لتأهيل القيادات الإستراتيجية لمنظمات القرن الحادي والعشرين | ||
| 653 | _aإدارة الأفراد | ||
| 653 | _aالإدارة | ||
| 653 | _aالقيادة | ||
| 942 | _cكتاب | ||
| 999 |
_c41688 _d41688 |
||